000 00306nam a2200109Ia 4500
008 171211s9999 xx 000 0 und d
245 _aForry: The Life of Forrest J Ackerman
245 _cDeborah Painter
260 _c2010
650 _xBiography
856 _uhttp://down.ebook777.com/060/9780786448845.pdf
999 _c349943
_d349943